| 000 | 01243nam0a2200349 4500 | ||
|---|---|---|---|
| 001 | RU\NLR\bibl\106219 | ||
| 005 | 20250617085810.0 | ||
| 010 |
_a5-8153-0096-9 _910000 |
||
| 021 |
_aRU _b2000-15813 _9763 |
||
| 035 | _a(NLR Aleph) 000103947 | ||
| 090 |
_a587910 _c587910 |
||
| 100 | _a20000904d2000 |||y0rusy50 ca | ||
| 101 | 1 |
_arus _ceng |
|
| 102 | _aRU | ||
| 105 | _aa ||||||||| | ||
| 200 | 1 |
_aМакияж успеха _e[Внесите гармонию в свое лицо] _fПитер Шен _g[Пер. с англ. Г. Дуткина] |
|
| 210 |
_aМ. _cЯуза _cЭКСМО-Пресс _d2000 |
||
| 215 |
_a286,[1] с. _cил. _d17 |
||
| 225 | 1 | _aДля женщин | |
| 300 | _aЗагл. и авт. ориг.: Make-up for success/Peter Shen | ||
| 300 | _aВ вып. дан. авт.: Питер Шен, Джойс Уилсон | ||
| 454 | 0 |
_12001#$aMake-up for success$fPeter Shen _tMake-up for success |
|
| 606 | 0 |
_aКосметика _91139345 _3RU\NLR\auth\66134768 |
|
| 686 | _aР120.416 | ||
| 686 | _aН937.5 | ||
| 700 | 1 |
_aШен _bП. _gПитер _4070 |
|
| 801 | 0 |
_aRU _bNLR _c20000904 _gPSBO |
|
| 801 | 1 |
_aRU _bNLR _c20000904 |
|
| 852 |
_aNLR _j2000-2/1475 |
||
| 942 | _cBOOK | ||
| 980 | _aNB | ||